000 00319nam a22001337a 4500
008 171018b xxu||||| |||| 00| 0 eng d
020 _a9781557981011
041 _aeng
080 _a338
100 _a53
101 _aMEN
245 _aPROFESIONAL LIABILITY AND RISK MANAGEMENT
_cBENNETT.B.E
942 _2udc
_cBK
999 _c34582
_d34582